| 000 | 01447nam a2200265 a 4500 | ||
|---|---|---|---|
| 001 | 000000767 | ||
| 003 | DO-SdBNP | ||
| 005 | 20240305132554.0 | ||
| 008 | 090509s2002 dr c 000 0 spa d | ||
| 020 | _a9993486310 | ||
| 020 | _a9789993486312 | ||
| 040 |
_aDO-SdBNP _bspa _cBNPHU |
||
| 082 | 4 |
_a327.7293 _bL351v _222 |
|
| 100 | 1 |
_aLatorre, Eduardo, _d1941-2003 _97187 |
|
| 245 | 1 | 4 |
_aLos viajes del canciller / _cEduardo Latorre ; edición Ana E. Martínez. |
| 260 |
_aSanto Domingo : _bOmnimedia, _c2002. |
||
| 300 |
_a458 p. : _bil., retrs. ; _c23 cm. |
||
| 500 | _aIncluye referencias biográficas en la contracubierta | ||
| 504 | _aIncluye bibliografía | ||
| 505 | 2 |
_tIntroducción -- _tPrimera parte: 1996 -- _gCapítulo I. _tEl canciller en Puerto Príncipe, Haití -- _gSegunda parte: 1997 -- _gCapítulo 10. _tEl presidente de Managua, Nicaragua -- _gTercera parte :1998 -- _gCapítulo 30. _tEl presidente en Tegucigalpa, Honduras -- _gCuarta parte: 1999 -- _tCapítulo 49. _tEl presidente en Europa -- _gQuinta parte: 2000 -- _gCapítulo 75. _tEl vicepresidente en Guatemala -- _tComentario final -- _tAnexos -- _tInformación geográfica: ciudades y países visitados -- _tNota sobre los acompañantes en los viajes -- _tSiglas -- _tBibliografía. |
|
| 600 | 1 | 4 |
_aLatorre, Eduardo, _d 1941-2003 _xVida política _984155 |
| 651 | 4 |
_aRepública Dominicana _xRelaciones internacionales _92624 |
|
| 700 | 1 |
_aMartínez, Ana E., _eed. _92505 |
|
| 942 |
_2ddc _cLBS1 |
||
| 999 |
_c763 _d763 |
||